01056nam a22002895i 450000100060000000300090000600500170001500700030003200800410003502000180007604000220009408000220011608000230013810000400016124501500020126000530035130000430040449000270044750000120047450000580048650400320054460000200057670000200059671000560061683000270067285200670069910742ES-MaACL20230906145941.0t|941128s1993 sp ||||0| spa j a84-86040-77-9 aM-BN bspa cM-BN a75 Maside, Carlos a929 Maside, Carlos1 aRodríguez Losada, María Esther.10aCarlos Maside / cMª Esther Rodríguez Losada ; [traduccións, María de la O Fernández Estévez, José Manuel Pichel Lorenzo, Xan Vila]. aA Coruña : bDeputación Provincial, c[1993] aXVI, 276 p : bil. col. y n ; c30 cm.1 aGrandes pintores ; v2 aIndice. aResumen en español, inglés, francés y alemán. aBibliografía: p. 255-256.14aMaside, Carlos.1 aMaside, Carlos.1 aLa Coruña (Provincia). bDiputación Provincial.0 aGrandes pintores ; v2 aES-MaACLjL-18060 bR.122876 q. - Ded. autógr. de la autora